Logo BPK

Biblioteka

Politechniki Koszalińskiej

Format MARC 21 rekordu bibliograficznego dla wydawnictwa ciągłego / (Rekord nr 43918)

Szczegóły MARC
000 -ETYKIETA REKORDU
podpole kontrolne o stałej długości 01301nam a2200313 i 4500
001 - NUMER KONTROLNY REKORDU
pole kontrolne bg
020 ## - MIĘDZYNARODOWY ZNORMALIZOWANY NUMER KSIĄŻKI - ISBN
ISBN 8387629685
040 ## - ŹRÓDŁO KATALOGOWANIA
Instytucja, która utworzyła rekord BPK
041 0# - KOD JĘZYKA
Kod języka tekstu pol
080 ## - UNIWERSALNA KLASYFIKACJA DZIESIĘTNA - UKD
UKD 025.3:004.6:0/9(05)](083.1)
920 ## - Międzynarodowy znormalizowany numer książki – ISBN
ISBN 83-87629-68-5
008 - POLE O STAŁEJ DŁUGOŚCI - DANE KONTROLNE
podpole kontrolne o stałej długości s pl f |000 0 pol
100 1# - NAZWA OSOBOWA
Nazwa osobowa NAŁĘCZ, Barbara
Daty związane z nazwą (1942- )
245 10 - TYTUŁ/ODPOWIEDZIALNOŚĆ
Tytuł Format MARC 21 rekordu bibliograficznego dla wydawnictwa ciągłego /
Pozostałe elementy strefy tytułu i oznaczenia odpowiedzialności Barbara Nałęcz ; Stowarzyszenie Bibliotekarzy Polskich, Centrum Formatów i Kartotek Haseł Wzorcowych Biblioteki Uniwersyteckiej w Warszawie.
246 15 - WARIANT TYTUŁU
Tytuł Marc 21 format for bibliographic data: serials
260 ## - STREFA ADRESU WYDAWNICZEGO
Miejsce wydania Warszawa :
Nazwa wydawcy/dystrybutora Wydaw. SBP,
Data publikacji, dystrybucji/powstania dokumentu 2001.
300 ## - STREFA OPISU FIZYCZNEGO
Objętość 171 s. ;
Rozmiary 24 cm.
490 1# - STREFA SERII I DOKUMENTU WIELOCZĘŚCIOWEGO - FORMA NIE DO WYSZUKIWANIA
Tytuł i oznaczenie odpowiedzialności serii Formaty, Kartoteki ;
Numeracja w obrębie serii 10
500 ## - UWAGI OGÓLNE
Tekst uwagi Tyt. równol.: Marc 21 format for bibliographic data: serials.
504 ## - UWAGA DOTYCZĄCA BIBLIOGRAFII
Informacje o bibliografii Bibliogr.
650 #9 - HASŁO PRZEDMIOTOWE W FORMIE NAZWY OGÓLNEJ LUB JEDNOSTKOWEJ
Nazwa ogólna lub geograficzna MARC
Określnik geograficzny Polska
650 #9 - HASŁO PRZEDMIOTOWE W FORMIE NAZWY OGÓLNEJ LUB JEDNOSTKOWEJ
Nazwa ogólna lub geograficzna Wydawnictwa ciągłe
Określnik ogólny opis bibliograficzny
-- komputeryzacja
Określnik geograficzny Polska
655 ## - TERMIN INDEKSOWY - OKREŚLENIE RODZAJU/FORMY DOKUMENTU
Określenie rodzaju/formy dokumentu Instrukcje
710 #0 - HASŁO DODATKOWE - NAZWA CIAŁA ZBIOROWEGO
Nazwa ciała zbiorowego lub jednostki geograficznej Stowarzyszenie Bibliotekarzy Polskich
710 #0 - HASŁO DODATKOWE - NAZWA CIAŁA ZBIOROWEGO
Nazwa ciała zbiorowego lub jednostki geograficznej Biblioteka Uniwersytecka (Warszawa)
Nazwa jednostki podrzędnej Centrum Formatów i Kartotek Haseł Wzorcowych
830 ## - HASŁO DODATKOWE SERII LUB DOKUMENTU WIELOCZĘŚCIOWEGO - TYTUŁ UJEDNOLICONY
Tytuł ujednolicony Formaty, Kartoteki ;
856 ## - LOKALIZACJA I DOSTĘP DO ELEKTRONICZNYCH DOKUMENTÓW ZDALNYCH
Link (URL) http://koha.tu.koszalin.pl/cgi-bin/koha/opac-detail.pl?biblionumber=43918
Tekst linku Katalog online BPK
942 ## - DODATKOWE ELEMENTY (KOHA)
Typ dokumentu Książka
Egzemplarze
Wycofany Status egzemplarza Uszkodzony Dostępność Lokalizacja stała Lokalizacja bieżąca Miejsce przechowywania Sygnatura Kod kreskowy Typ dokumentu Uwaga przeznaczona na użytek publiczny
      Tylko na miejscu Biblioteka Politechniki Koszalińskiej Biblioteka Politechniki Koszalińskiej Zbiory Wewnętrzne 70429 02153605 Książka D22
© 2023 Biblioteka Politechniki Koszalińskiej :: KOHA